| 000 | 01069cam a2200301 4500 | ||
|---|---|---|---|
| 008 | 090401t1994 xxu||||| |||| 00| 0 eng d | ||
| 020 | _a0415093295 | ||
| 035 | _a(Sirsi) u29524 | ||
| 041 | _aeng | ||
| 050 | _a333.332 | ||
| 100 | _aMackmin, David | ||
| 245 | 0 | 4 | _aThe valuation and sale of residential property. |
| 250 | _a2nd ed. | ||
| 260 |
_aLondon _bRoutledge _c1994 |
||
| 300 | _axiv,286p. : ill. ; 24cm. | ||
| 350 | _a15.99 | ||
| 520 | _aA new edition which has been updated to reflect changes in the law brought about by the Estate Agents Act 1979, the Property Misdescriptions Act 1991, the introduction of the Council Tax and changes in the practice of mortgage valuation. | ||
| 520 | _aSuperseded by 3rd ed. (ISBN 9780728205284). | ||
| 650 | _aESTATE AGENCY | ||
| 650 | _aESTATE AGENTS ACT 1979 | ||
| 650 | _aPROPERTY-LEASEHOLD PROPERTY | ||
| 650 | _aMORTGAGE VALUATION | ||
| 650 | _aPROPERTY MISDESCRIPTIONS ACT 1991 | ||
| 650 |
_aRESIDENTIAL PROPERTY _96266 |
||
| 690 | _aRATING AND VALUATION | ||
| 942 | _n0 | ||
| 948 | _c04/03/1997 | ||
| 999 |
_c89431 _d89431 |
||